Strategic decision analysis : a general management framework

Bibliographic Details
Main Author: Patz, Alan L. (Author)
Format: Book
Language:English
Published: Canada : Litle, Brow and Company 1981
Subjects:

MARC

LEADER 00000cam a2200000 7i4500
001 0000001912
005 20240925.0
008 991127 -cn a eng
020 |a 0136694002 
040 |a INS   |b eng   |e rda 
090 0 0 |a HD30.23.   |b S767 1981 
100 1 |a Patz, Alan L. ,   |e author 
245 1 0 |a Strategic decision analysis :   |b a general management framework   |c Alan L. Patz 
264 1 |a Canada :   |b Litle, Brow and Company   |c 1981 
264 4 |c ©1981 
300 |a xviii,699 pages :   |b illustrations ;   |c 25 cm. 
336 |a text  |2 rdacontent 
337 |a unmediated  |2 rdamedia 
338 |a volume  |2 rdacarrier 
500 |a Includes index 
650 0 |a Management 
999 |a 0000001545   |b BOOK   |c Open Shelf   |e Default branch 
999 |a 0000001592   |b BOOK   |c Open Shelf   |e Default branch